[Event "BI-2013-P-00017"]
[Site "LSS email"]
[Date "2013.04.22"]
[Round "?"]
[White "Boda, Attila"]
[Black "Snitselaar, Jerry J"]
[Result "1/2-1/2"]
[WhiteElo "1957"]
[BlackElo "1382"]
[PlyCount "53"]
[EventDate "2013.04.25"]
[EventType "tourn (corr)"]
[EventRounds "10"]
[EventCountry "GER"]
[SourceTitle "Telechess CBM 167"]
[Source "ChessBase"]
[SourceDate "2015.07.13"]
[SourceVersion "1"]
[SourceVersionDate "2015.07.13"]
[SourceQuality "1"]

1. e4 c6 2. d4 d5 3. e5 Bf5 4. Nc3 e6 5. g4 Bg6 6. Nge2 c5 7. h4 h5 8. Nf4 Bh7 9. Nxh5 cxd4 10. Nb5 Nc6 11. Nxd4 Nge7 12. c3 Nxe5 13. Bb5+ Nd7 14. Bh6 Rg8 15. Bg5 Qb6 16. 0-0 e5 17. Bxe7 Bxe7 18. Bxd7+ Kxd7 19. Nf5 Bxf5 20. Qxd5+ Ke8 21. gxf5 g6 22. fxg6 Qxg6+ 23. Ng3 Bxh4 24. Qxe5+ Kf8 25. Qc5+ Be7 26. Qe3 Bh4 27. Rad1 1/2-1/2

[Event "LSS No Engine Cup 86 Preliminary 3"]
[Site "LSS email"]
[Date "2013.04.21"]
[Round "?"]
[White "Snitselaar, Jerry J"]
[Black "Glowinski, Daniel"]
[Result "0-1"]
[WhiteElo "1411"]
[BlackElo "1481"]
[PlyCount "56"]
[EventDate "2013.04.22"]
[EventType "tourn (corr)"]
[EventRounds "6"]
[EventCountry "GER"]
[SourceTitle "Telechess CBM 163"]
[Source "ChessBase"]
[SourceDate "2014.11.11"]
[SourceVersion "2"]
[SourceVersionDate "2014.11.11"]
[SourceQuality "1"]

1. e4 c5 2. c3 d5 3. exd5 Qxd5 4. d4 Nc6 5. Nf3 Bg4 6. Be2 0-0-0 7. 0-0 e6 8. Be3 Nf6 9. Qa4 Bd6 10. h3 Bh5 11. Re1 Nd7 12. Nbd2 cxd4 13. Nxd4 Bxe2 14. Nxe2 Bc5 15. Nf1 Bxe3 16. Nxe3 Qg5 17. b4 Nb6 18. Qc2 Qg6 19. Qb3 Ne5 20. Red1 Nf3+ 21. Kh1 Nd2 22. Qc2 Qxc2 23. Nxc2 Nbc4 24. Ncd4 Rd7 25. Nf3 Rhd8 26. Nxd2 Rxd2 27. Nd4 Rxf2 28. Kg1 Rb2 0-1

[Event "RE-2012-0-00109"]
[Site "LSS email"]
[Date "2013.03.26"]
[Round "?"]
[White "Couspeyre, Thierry"]
[Black "Snitselaar, Jerry J"]
[Result "0-1"]
[WhiteElo "1200"]
[BlackElo "1446"]
[PlyCount "58"]
[EventDate "2012.12.30"]
[EventType "tourn (corr)"]
[EventRounds "6"]
[EventCountry "GER"]
[SourceTitle "Telechess CBM 161"]
[Source "ChessBase"]
[SourceDate "2014.07.16"]
[SourceVersion "1"]
[SourceVersionDate "2014.07.16"]
[SourceQuality "1"]

1. d4 Nf6 2. c4 g6 3. Nc3 d5 4. cxd5 Nxd5 5. e4 Nxc3 6. bxc3 Bg7 7. Bc4 c5 8. Ne2 Nc6 9. Be3 0-0 10. 0-0 Qc7 11. Rc1 Rd8 12. Qd2 Qa5 13. Rfd1 Bd7 14. Rb1 cxd4 15. cxd4 Qxd2 16. Rxd2 Na5 17. Bd3 Rac8 18. Bg5 Kf8 19. d5 Be5 20. f4 Bd6 21. e5 Bc5+ 22. Kf1 Be3 23. Rdb2 Be6 24. d6 exd6 25. Bxd8 Rxd8 26. exd6 Rxd6 27. Be4 Nc4 28. Bxb7 Nxb2 29. Nc3 Bc4+ 0-1

[Event "RE-2012-0-00109"]
[Site "LSS email"]
[Date "2013.03.26"]
[Round "?"]
[White "Kepinski, Janusz"]
[Black "Snitselaar, Jerry J"]
[Result "0-1"]
[WhiteElo "1437"]
[BlackElo "1446"]
[PlyCount "68"]
[EventDate "2012.12.30"]
[EventType "tourn (corr)"]
[EventRounds "6"]
[EventCountry "GER"]
[SourceTitle "Telechess CBM 161"]
[Source "ChessBase"]
[SourceDate "2014.07.16"]
[SourceVersion "1"]
[SourceVersionDate "2014.07.16"]
[SourceQuality "1"]

1. d4 Nf6 2. c4 g6 3. Nc3 d5 4. cxd5 Nxd5 5. e4 Nxc3 6. bxc3 Bg7 7. Bc4 c5 8. Ne2 Nc6 9. d5 Ne5 10. Bb5+ Bd7 11. Bxd7+ Qxd7 12. Bf4 0-0 13. Bxe5 Bxe5 14. f4 Bg7 15. Qd3 e6 16. 0-0 exd5 17. exd5 b5 18. Rab1 c4 19. Qf3 Rad8 20. Rfd1 a6 21. Rb2 Rfe8 22. Rbd2 Qd6 23. Kf1 f5 24. h4 Re4 25. g4 Rde8 26. gxf5 gxf5 27. Qh5 Kh8 28. Qf3 Re3 29. Qh5 R8e4 30. Kg1 a5 31. Rc2 b4 32. cxb4 axb4 33. Kf1 c3 34. Kg2 Rxf4 0-1

[Event "OP-2013-0-02701"]
[Site "LSS email"]
[Date "2013.03.25"]
[Round "?"]
[White "Lenz, Juergen"]
[Black "Snitselaar, Jerry J"]
[Result "0-1"]
[WhiteElo "1083"]
[BlackElo "1446"]
[PlyCount "48"]
[EventDate "2013.03.21"]
[EventType "tourn (corr)"]
[EventRounds "4"]
[EventCountry "GER"]
[SourceTitle "Telechess CBM 161"]
[Source "ChessBase"]
[SourceDate "2014.07.16"]
[SourceVersion "1"]
[SourceVersionDate "2014.07.16"]
[SourceQuality "1"]

1. d4 Nf6 2. Nf3 g6 3. Bf4 Bg7 4. e3 d6 5. h3 0-0 6. Be2 b6 7. a4 a6 8. 0-0 Bb7 9. c4 a5 10. Nc3 Na6 11. Rc1 Nd7 12. Bh2 Nb4 13. Qb3 e5 14. Rfd1 exd4 15. exd4 Re8 16. Kf1 Nf8 17. d5 Nd7 18. Re1 Nc5 19. Qd1 Ba6 20. b3 Bh6 21. Rb1 Qf6 22. Nd4 Ncd3 23. Bxd3 Rxe1+ 24. Kxe1 Qxd4 0-1

[Event "LSS No Engine Cup 46 Preliminary 2"]
[Site "LSS email"]
[Date "2011.07.10"]
[Round "?"]
[White "Ozdemir, Zafer Omer"]
[Black "Snitselaar, Jerry J"]
[Result "1-0"]
[WhiteElo "729"]
[BlackElo "1387"]
[PlyCount "39"]
[EventDate "2011.07.11"]
[EventType "tourn (corr)"]
[EventRounds "6"]
[EventCountry "GER"]
[SourceTitle "Telechess CBM 151"]
[Source "ChessBase"]
[SourceDate "2012.11.13"]
[SourceVersion "1"]
[SourceVersionDate "2012.11.13"]
[SourceQuality "1"]

1. e4 e5 2. Nf3 Nc6 3. Nc3 Nf6 4. Bd3 Bc5 5. h3 0-0 6. Bc4 d6 7. Ng5 h6 8. Nxf7 Rxf7 9. Bxf7+ Kxf7 10. Qf3 Nd4 11. Qd3 Be6 12. 0-0 Nh5 13. Ne2 Nxe2+ 14. Qxe2 Nf4 15. Qf3 Qf6 16. Kh1 Kg8 17. g4 Rf8 18. d3 Ng6 19. Qxf6 Rxf6 20. Be3 1-0

[Event "LSS No Engine Cup 43 Preliminary 4"]
[Site "LSS email"]
[Date "2011.05.27"]
[Round "?"]
[White "Perez, Giorgio"]
[Black "Snitselaar, Jerry J"]
[Result "0-1"]
[WhiteElo "1781"]
[BlackElo "1387"]
[PlyCount "56"]
[EventDate "2011.05.28"]
[EventType "tourn (corr)"]
[EventRounds "6"]
[EventCountry "GER"]
[SourceTitle "Telechess CBM 151"]
[Source "ChessBase"]
[SourceDate "2012.11.13"]
[SourceVersion "1"]
[SourceVersionDate "2012.11.13"]
[SourceQuality "1"]

1. e4 e5 2. f4 exf4 3. Nf3 d6 4. d3 g5 5. h4 g4 6. Ng1 Bh6 7. Bd2 Nc6 8. Nc3 Be6 9. Nd5 Bxd5 10. exd5 Qe7+ 11. Ne2 Ne5 12. Qc1 f3 13. Bxh6 fxe2 14. Bxe2 Nxh6 15. Qxh6 0-0-0 16. 0-0-0 f5 17. d4 Nd7 18. Bd3 Rdf8 19. Rde1 Qf7 20. c4 f4 21. Re6 f3 22. gxf3 gxf3 23. Rf1 Qf4+ 24. Qxf4 Rxf4 25. Re7 Nf6 26. Rf7 f2 27. Kd2 Ne4+ 28. Bxe4 Rxf7 0-1

[Event "LSS No Engine Cup 43 Preliminary 4"]
[Site "LSS email"]
[Date "2011.05.27"]
[Round "?"]
[White "Snitselaar, Jerry J"]
[Black "Martindale, Roger"]
[Result "1-0"]
[WhiteElo "1387"]
[BlackElo "700"]
[PlyCount "53"]
[EventDate "2011.05.28"]
[EventType "tourn (corr)"]
[EventRounds "6"]
[EventCountry "GER"]
[SourceTitle "Telechess CBM 151"]
[Source "ChessBase"]
[SourceDate "2012.11.13"]
[SourceVersion "1"]
[SourceVersionDate "2012.11.13"]
[SourceQuality "1"]

1. e4 e5 2. Nf3 d6 3. d4 exd4 4. Nxd4 a6 5. Nc3 c5 6. Nf3 Nc6 7. Be2 h6 8. 0-0 Nf6 9. Re1 Be7 10. Bf4 g5 11. Bg3 Nh5 12. Nd5 Nxg3 13. hxg3 g4 14. Nd2 h5 15. Nc4 Be6 16. Qd2 Nd4 17. c3 Nxe2+ 18. Rxe2 Bg5 19. Nxd6+ Qxd6 20. Nf6+ Ke7 21. Qxg5 Bc4 22. e5 Qd3 23. Nd5+ Kd7 24. Qe7+ Kc6 25. Qd6+ Kb5 26. a4+ Ka5 27. Qb6# 1-0

[Event "LSS SE-2010-0-00056"]
[Site "LSS email"]
[Date "2010.11.06"]
[Round "?"]
[White "Gubo, Jozef"]
[Black "Snitselaar, Jerry J"]
[Result "1/2-1/2"]
[WhiteElo "1443"]
[BlackElo "1353"]
[PlyCount "78"]
[EventDate "2010.08.01"]
[EventType "tourn (corr)"]
[EventRounds "6"]
[EventCountry "GER"]
[SourceTitle "Telechess CBM 145"]
[Source "Chessbase"]
[SourceDate "2011.11.11"]
[SourceVersion "1"]
[SourceVersionDate "2011.11.11"]
[SourceQuality "1"]

1. e4 c6 2. d4 d5 3. e5 Bf5 4. h4 h5 5. c4 e6 6. Nc3 Be7 7. g3 Nh6 8. Bg5 dxc4 9. Bxc4 Nd7 10. Qd2 Nb6 11. Be2 Qd7 12. a4 a5 13. Bxe7 Qxe7 14. Bxh5 0-0 15. Be2 Rfd8 16. Nf3 Qb4 17. b3 Bg4 18. Ne4 Bxf3 19. Qxb4 axb4 20. Bxf3 Nf5 21. Rc1 Nxd4 22. Bd1 Ra5 23. f4 Rad5 24. Kf2 Nd7 25. Re1 b6 26. Rc4 c5 27. Rc1 Nb8 28. a5 bxa5 29. Rxc5 Rxc5 30. Nxc5 Rc8 31. Re4 Nb5 32. Rc4 Na3 33. Rc1 Na6 34. Nd3 Rc3 35. Ke3 Kf8 36. h5 Ke7 37. Kd2 Nc7 38. Rxc3 Nb1+ 39. Kc2 Nxc3 1/2-1/2

[Event "LSS SE-2010-0-00056"]
[Site "LSS email"]
[Date "2010.11.06"]
[Round "?"]
[White "Snitselaar, Jerry J"]
[Black "Weiner, Milan"]
[Result "1-0"]
[WhiteElo "1353"]
[BlackElo "1250"]
[PlyCount "69"]
[EventDate "2010.08.01"]
[EventType "tourn (corr)"]
[EventRounds "6"]
[EventCountry "GER"]
[SourceTitle "Telechess CBM 145"]
[Source "Chessbase"]
[SourceDate "2011.11.11"]
[SourceVersion "1"]
[SourceVersionDate "2011.11.11"]
[SourceQuality "1"]

1. e4 c6 2. d4 d5 3. exd5 cxd5 4. c4 e6 5. Nc3 Nf6 6. Nf3 Nc6 7. cxd5 exd5 8. Bb5 Bg4 9. Qa4 Bxf3 10. Bxc6+ bxc6 11. Qxc6+ Nd7 12. gxf3 Bb4 13. Qxd5 0-0 14. 0-0 Qc8 15. Ne4 Nb6 16. Qb5 Be7 17. Bf4 Qh3 18. Qd3 Nd5 19. Bg3 Rad8 20. Rfe1 Bb4 21. Nc3 Bxc3 22. bxc3 f5 23. c4 Nb6 24. c5 Nd5 25. Qb3 f4 26. Bh4 Qxh4 27. Re5 Kh8 28. Rxd5 Rb8 29. Qc2 Rf6 30. Rb1 Re8 31. Re5 Ref8 32. c6 Rh6 33. c7 Qxh2+ 34. Kf1 Rg6 35. c8Q 1-0

[Event "LSS No Engine Cup 30 Preliminary 1"]
[Site "LSS email"]
[Date "2010.11.02"]
[Round "?"]
[White "Snitselaar, Jerry J"]
[Black "Revesz, Bela"]
[Result "0-1"]
[WhiteElo "1353"]
[BlackElo "1904"]
[PlyCount "22"]
[EventDate "2010.11.03"]
[EventType "tourn (corr)"]
[EventRounds "6"]
[EventCountry "GER"]
[SourceTitle "Corr 2013"]
[Source "ChessBase"]
[SourceDate "2012.11.12"]
[SourceVersion "1"]
[SourceVersionDate "2012.11.12"]
[SourceQuality "1"]

1. e4 e6 2. d4 d5 3. Nc3 Nf6 4. Bg5 Bb4 5. e5 h6 6. Bxf6 gxf6 7. f4 c5 8. a3 cxd4 9. axb4 dxc3 10. bxc3 fxe5 11. Nf3 Qc7 0-1

[Event "ZL-2010-0-00684"]
[Site "LSS email"]
[Date "2010.03.26"]
[Round "?"]
[White "Hall, Dick"]
[Black "Snitselaar, Jerry J"]
[Result "0-1"]
[WhiteElo "1067"]
[BlackElo "1313"]
[PlyCount "54"]
[EventDate "2010.03.19"]
[EventType "match (corr)"]
[EventRounds "2"]
[EventCountry "GER"]
[SourceTitle "Corr 2013"]
[Source "ChessBase"]
[SourceDate "2012.11.12"]
[SourceVersion "1"]
[SourceVersionDate "2012.11.12"]
[SourceQuality "1"]

1. e4 c6 2. d4 d5 3. Nc3 dxe4 4. Nxe4 Bf5 5. Ng3 Bg6 6. h4 h6 7. Nf3 Nd7 8. h5 Bh7 9. Bd3 Bxd3 10. Qxd3 e6 11. Bf4 Qa5+ 12. Bd2 Qc7 13. 0-0-0 Ngf6 14. Ne4 Nxe4 15. Qxe4 Nf6 16. Qd3 Ng4 17. Be3 Nxe3 18. Qxe3 Bd6 19. Ne5 0-0-0 20. f4 c5 21. Rd3 cxd4 22. Rxd4 Bc5 23. Rxd8+ Rxd8 24. Qc3 f6 25. Ng6 Kb8 26. g3 Qc6 27. Re1 Qg2 0-1

[Event "ZL-2010-0-00684"]
[Site "LSS email"]
[Date "2010.03.26"]
[Round "?"]
[White "Snitselaar, Jerry J"]
[Black "Hall, Dick"]
[Result "1-0"]
[WhiteElo "1317"]
[BlackElo "1220"]
[PlyCount "39"]
[EventDate "2010.03.19"]
[EventType "match (corr)"]
[EventRounds "2"]
[EventCountry "GER"]
[SourceTitle "Corr 2013"]
[Source "ChessBase"]
[SourceDate "2012.11.12"]
[SourceVersion "1"]
[SourceVersionDate "2012.11.12"]
[SourceQuality "1"]

1. e4 d5 2. exd5 Qxd5 3. Nc3 Qd6 4. d4 Nf6 5. Nf3 a6 6. g3 b5 7. Bg2 Bb7 8. 0-0 e6 9. Bf4 Qb6 10. a4 Bd6 11. Be3 Nd5 12. Nxd5 Bxd5 13. axb5 Qxb5 14. b3 Qb7 15. c4 Bc6 16. Re1 Nd7 17. d5 exd5 18. Nd4 0-0 19. Nxc6 Qxb3 20. Qxb3 1-0

[Event "LSS SL-2007-0-00083"]
[Site "LSS email"]
[Date "2007.06.06"]
[Round "?"]
[White "Snitselaar, Jerry J"]
[Black "Trevis, Robert R"]
[Result "1-0"]
[WhiteElo "1313"]
[BlackElo "650"]
[PlyCount "27"]
[EventDate "2007.05.31"]
[EventType "tourn (corr)"]
[EventRounds "6"]
[EventCountry "GER"]
[SourceTitle "Corr 2015"]
[Source "ChessBase"]
[SourceDate "2015.07.17"]
[SourceVersion "1"]
[SourceVersionDate "2015.07.17"]
[SourceQuality "1"]

1. e4 e5 2. d4 exd4 3. Bc4 Nc6 4. Nf3 Nf6 5. 0-0 Nxe4 6. Nxd4 d5 7. Bb5 Bd7 8. Bxc6 bxc6 9. f3 Nd6 10. Re1+ Be7 11. Qe2 c5 12. Nb3 Bb5 13. Qe5 Kf8 14. Qxd5 1-0